<?xml version="1.0" encoding="UTF-8"?>
<record
    xmlns:xsi="http://www.w3.org/2001/XMLSchema-instance"
    xsi:schemaLocation="http://www.loc.gov/MARC21/slim http://www.loc.gov/standards/marcxml/schema/MARC21slim.xsd"
    xmlns="http://www.loc.gov/MARC21/slim">

  <leader>01687nab a22002297a 4500</leader>
  <datafield tag="999" ind1=" " ind2=" ">
    <subfield code="c">5765</subfield>
    <subfield code="d">5765</subfield>
  </datafield>
  <controlfield tag="003">OSt</controlfield>
  <controlfield tag="005">20260109000417.0</controlfield>
  <controlfield tag="008">190514b        xxu||||| |||| 00| 0 spa d</controlfield>
  <datafield tag="040" ind1=" " ind2=" ">
    <subfield code="c">PJ</subfield>
  </datafield>
  <datafield tag="100" ind1=" " ind2=" ">
    <subfield code="9">6681</subfield>
    <subfield code="a">P&#xE9;rez Ovalle, Pamela B.</subfield>
  </datafield>
  <datafield tag="245" ind1="1" ind2="0">
    <subfield code="a">Adopciones : </subfield>
    <subfield code="b">procesos excluyentes y el deber de alimentos a la luz del inter&#xE9;s superior de ni&#xF1;os, ni&#xF1;as y adolescentes /</subfield>
    <subfield code="c">Pamela B. P&#xE9;rez Ovalle.</subfield>
  </datafield>
  <datafield tag="300" ind1=" " ind2=" ">
    <subfield code="a">p. 99-108</subfield>
  </datafield>
  <datafield tag="505" ind1=" " ind2=" ">
    <subfield code="a">Sumario: I. Palabras introductorias.&#x2014; II. El caso en an&#xE1;lisis.&#x2014; III. Algunos conceptos: la adopci&#xF3;n como fuente de filiaci&#xF3;n en el nuevo paradigma. El derecho de NNA a tener una vida en familia.&#x2014; IV. Hablemos con propiedad: son procesos excluyentes.&#x2014; V. La controversia respecto de la fijaci&#xF3;n de una cuota alimentaria como consecuencia de un proceso excluyente.&#x2014; VI. El inter&#xE9;s superior de la ni&#xF1;a como eje central. Su condici&#xF3;n de vulnerabilidad y la protecci&#xF3;n reforzada.&#x2014; VII. Los alimentos. Concepto y fuentes actuales de la obligaci&#xF3;n.&#x2014; VIII. La aplicaci&#xF3;n anal&#xF3;gica de la obligaci&#xF3;n alimentaria del progenitor af&#xED;n.&#x2014;
IX. Los nuevos tipos de familia y el principio de solidaridad familiar.&#x2014; X. Reflexiones finales.</subfield>
  </datafield>
  <datafield tag="505" ind1=" " ind2=" ">
    <subfield code="t">Fallo comentado: CCiv. y Com., Mercedes, sala II, 18/02/2025. - L. Y. s/ abrigo.</subfield>
  </datafield>
  <datafield tag="650" ind1=" " ind2="0">
    <subfield code="9">967</subfield>
    <subfield code="a">DERECHO DE FAMILIA</subfield>
  </datafield>
  <datafield tag="650" ind1=" " ind2="0">
    <subfield code="9">2741</subfield>
    <subfield code="a">DERECHOS DE LAS NI&#xD1;AS, NI&#xD1;OS Y ADOLESCENTES</subfield>
  </datafield>
  <datafield tag="650" ind1=" " ind2="0">
    <subfield code="9">974</subfield>
    <subfield code="a">ADOPCI&#xD3;N</subfield>
  </datafield>
  <datafield tag="650" ind1=" " ind2="0">
    <subfield code="9">968</subfield>
    <subfield code="a">ALIMENTOS</subfield>
  </datafield>
  <datafield tag="650" ind1=" " ind2="0">
    <subfield code="9">1057</subfield>
    <subfield code="a">JURISPRUDENCIA APLICABLE</subfield>
  </datafield>
  <datafield tag="773" ind1="0" ind2=" ">
    <subfield code="0">2844</subfield>
    <subfield code="9">3222</subfield>
    <subfield code="d">Buenos Aires : AbeledoPerrot, 1989-</subfield>
    <subfield code="t">Derecho de familia. Revista Interdisciplinaria de doctrina y jurisprudencia. Agosto 2025-IV.</subfield>
    <subfield code="z">18511201</subfield>
  </datafield>
  <datafield tag="942" ind1=" " ind2=" ">
    <subfield code="2">udc</subfield>
    <subfield code="c">ANA</subfield>
  </datafield>
</record>
